000 00622nam a2200205Ia 4500
008 191130s1993##################000#0#eng##
020 _a873715705
022 _a92035415
040 _aACL
_cACL
082 _a363.7287 ASA
100 _aKofi Asante-Duah, D
245 _aHazardous waste risk assessment
_cD. Kofi Asante-Duah
260 _aBoca Raton, FL
_bLewis Publishers
_cc1993
300 _a384 p. : ill. ; 25 cm
500 _aIncludes bibliographical references and index
650 _aHazardous wastes - Risk assessment
990 _ab6ad91eaac10000c47f2213820a13430
991 _a350252
999 _c202353
_d202353